000 00587nam a22002051a 4500
001 7440
003 OSt
005 20260204212130.0
008 071120s2004||||ag ||||||b||||||||||spa||
020 _a9501221113
050 _a371.102 A42d
100 _aAlisedo, Graciela
245 _aDidáctica de las ciencias del lenguaje: aportes y reflexiones / Graciela Alisedo, Sara Melgar, Cristina Chiocci
250 _a6
264 _aArgentina : Paidós Educador
300 _a233 p
500 _aIncluye bibliografía
650 _aDidáctica 2.Pedagogía - LenguajeÌ
942 _2ddc
_cBK
999 _c7440
_d7440